[Event "GER-ch 74th"]
[Site "Saarbruecken"]
[Date "2002.11.22"]
[Round "1"]
[White "Vatter, Hans Joachim"]
[Black "Mueller, Karsten"]
[Result "1/2-1/2"]
[WhiteElo "2320"]
[BlackElo "2518"]
[Annotator "Finkel,A"]
[PlyCount "64"]
[EventDate "2002.11.22"]
[EventType "swiss"]
[EventRounds "9"]
[EventCountry "GER"]
[SourceTitle "CBM 093"]
[Source "ChessBase"]
[SourceDate "2003.04.01"]
[SourceVersion "1"]
[SourceVersionDate "2003.04.01"]
[SourceQuality "1"]

1. e4 e6 2. d4 d5 3. Nc3 Bb4 4. Bd3 dxe4 5. Bxe4 Nf6 6. Bf3 Nc6 $6 {It's much
safer for black to play} (6... c5 $5 {with very good chances to equalize.}) 7.
Nge2 e5 8. Bxc6+ bxc6 9. O-O {White is clearly better due to weakness of black
double pawns on the c-file.} (9. a3 $6 Bxc3+ 10. bxc3 O-O 11. O-O Ba6 12. Re1
Ne4 13. f3 (13. Ng3 $2 Nxc3 14. Qh5 exd4 15. Nf5 g6 16. Qg4 h5 17. Nh6+ Kh7 18.
Qf3 Qd5 $19 {Golz,W-Gurgenidze,B/Sofia 1958}) 13... Bxe2 14. Qxe2 Nxc3 15. Qxe5
Re8 16. Qxe8+ Qxe8 17. Rxe8+ Rxe8 $11 {Etmans,M-Jolles,H/Dieren 1988}) 9... Ba6
(9... Qd6 10. dxe5 Qxe5 11. Bf4 Qe7 12. Nd4 Bxc3 13. bxc3 O-O 14. Qf3 Qc5 15.
Qxc6 Qxc6 16. Nxc6 $14 {Fichtl,J-Pietzsch,W/Zinnowitz 1966}) (9... O-O 10. dxe5
(10. Bg5 h6 11. Bh4 exd4 12. Nxd4 Qd6 13. a3 Bxc3 14. bxc3 Nd5 15. Qf3 Qc5 16.
Rfe1 Qc4 $11 {Bohm,H-Zuidema,C/Leeuwarden 1972}) 10... Qxd1 (10... Ng4 11. Qxd8
Rxd8 12. Bf4 Ba6 13. Rfe1 Re8 14. Ng3 Bc5 (14... Rad8 15. h3 Rd4 16. Nge2 Bxe2
17. Nxe2 Bxe1 18. hxg4 Rb4 19. Rxe1 Rxb2 20. Nc1 Rxc2 21. Rd1 h6 22. Rd7 $14 {
Vera,R-Roca,P/Dubai 1986}) 15. Nce4 Bd4 16. c3 Bxe5 17. Bxe5 Nxe5 18. Nc5 $14 {
Sutterer,R-Zier,L/Bad Neuenahr 1978}) 11. Rxd1 Ng4 12. Bf4 Re8 13. e6 Bxe6 14.
Bxc7 Rac8 15. Bg3 Bc4 16. Rd4 $16 {Pellegrino,J-Fricker,A/Dieppe 1967}) (9...
Bxc3 10. bxc3 Ba6 $2 11. Ba3 {[%csl Re8]} e4 12. Re1 Qd5 13. Nf4 Qf5 14. Nd3
$16 {Werner,C-Kopp,B/Germany 1989/GER-chT2}) 10. Re1 $1 {Intending just to
take on e5.} (10. dxe5 Bxc3 11. bxc3 Ne4 (11... Qxd1 12. Rxd1 Bxe2 13. Re1 Nd5
14. Rxe2 Nxc3 15. Re3 O-O-O 16. Ba3 $14 {Lejlic,S-Despotovic,M/Zlatibor 1989})
12. Qd4 (12. Qe1 $2 Qd5 13. Be3 Qc4 14. f3 Qxe2 15. fxe4 Qxf1+ 16. Qxf1 Bxf1
17. Kxf1 O-O-O $17 {Bohm,H-Hecht,H/Amsterdam 1972}) 12... Qxd4 13. cxd4 Bxe2
14. Re1 Nc3 15. Bd2 Nb5 16. Rxe2 Nxd4 17. Re4 O-O-O 18. Bg5 $16 {Lukin,
A-Yuneev,A/Leningrad 1989}) 10... O-O (10... exd4 11. Nxd4+ Kf8 12. Nxc6 Qxd1
13. Rxd1 Bxc3 14. bxc3 $16 {[%cal Gc1a3]}) 11. dxe5 Qxd1 12. Rxd1 Ng4 13. Rd4
$1 Bxc3 14. Nxc3 Nxe5 15. Bf4 $16 {[%csl Rc6,Rc7] White has very comfortable
advantage.} Rfe8 16. Rad1 (16. f3 $5 Kf8 17. Kf2 f6 18. Re1 Nc4 19. Rxe8+ Rxe8
20. b3 Nb6 21. Bxc7 Nd5 22. Nxd5 cxd5 23. Rxd5 Re2+ 24. Kg3 Rxc2 25. Ra5 Bf1
26. Rxa7 $16) 16... Kf8 17. f3 Nc4 18. Ne4 $2 {For some reason white gives up
a pawn on b2 letting black to escape.} (18. b3 Ne3 19. Bxe3 (19. R1d2 Nf1 20.
Rd1 Ne3 21. Bxe3) 19... Rxe3 20. Ne4 Re2 21. Nc5 Bc8 22. R4d2 Rxd2 23. Rxd2 Ke7
24. Rd4 $16 {[%csl Ra7,Rc6,Rc7][%cal Gd4a4]}) 18... Nxb2 19. Rb1 Nc4 20. Nc5
Na3 $1 21. Rc1 Nb5 (21... Bc4 $5) 22. Rd3 Bc8 23. a4 (23. c4 Nd6 24. Bxd6+ cxd6
25. Rxd6 Bf5 26. Rxc6 Re2 27. a4 Rd8 $132 {[%cal Gd8d2]}) 23... Nd6 24. Bxd6+
cxd6 25. Rxd6 Bf5 26. g4 Bg6 27. Kf2 $6 {Missing the last chance to fight for
the win after} (27. Rxc6 Rad8 $5 (27... Rec8 28. Nd7+ Ke7 29. Ne5 Rxc6 30.
Nxc6+ Kd6 31. Nd4 $14) 28. Nb3 Re2 29. Rc7 h5 30. a5 $14) 27... Rad8 $1 $11 28.
Rcd1 Rxd6 29. Rxd6 Bxc2 30. Rxc6 Bb1 31. Rc7 Re7 32. Rc8+ Re8 1/2-1/2

[Event "Capablanca Memorial Premier 33rd"]
[Site "Havana"]
[Date "1998.05.07"]
[Round "1"]
[White "Bellon Lopez, Juan Manuel"]
[Black "Pecorelli Garcia, Humberto"]
[Result "1-0"]
[WhiteElo "2455"]
[BlackElo "2465"]
[Annotator "Finkel,A"]
[PlyCount "143"]
[EventDate "1998.05.07"]
[EventType "tourn"]
[EventRounds "13"]
[EventCountry "CUB"]
[EventCategory "8"]
[SourceTitle "CBM 065"]
[Source "ChessBase"]
[SourceDate "1998.08.06"]
[SourceVersion "1"]
[SourceVersionDate "1998.08.06"]
[SourceQuality "1"]

{[%mdl 6256]} 1. e4 e6 2. d4 d5 3. Nc3 Bb4 4. Qg4 Nf6 5. Qxg7 Rg8 6. Qh6 Rg6 7.
Qe3 c5 (7... Nxe4 8. Bd3 f5 (8... Rxg2 $5 9. Qh3 Rg6 10. Nge2 Qf6 11. Be3 Nc6
12. Bxe4 dxe4 13. O-O-O $36 {Grabarska,B-Petek,M/EU-chTW 1997 (38)}) 9. Nge2 c5
10. Bxe4 fxe4 11. Qh3 $2 Nc6 12. Qxh7 Qf6 13. Nf4 $13 {Alekhine,A-Euwe,M/Wch16
1935 (40)}) (7... dxe4 $5 8. Bd2 Bxc3 9. Bxc3 Qd5 10. Nh3 Qf5 11. O-O-O Nd5 12.
Qd2 Nc6 $13 {Brueckner,G-Junker,H/Pinneberg op 1992 (26)}) (7... e5 $6 8. Bd2
Bxc3 9. bxc3 (9. Bxc3 $5 $14) 9... exd4 10. cxd4 Ng4 11. Qc3 dxe4 12. Nh3 $14 {
Antoniewski,R-Vavra,P/Team Championships, CZE 1997/1/2-1/2 (44)}) 8. Bd2 (8. a3
Bxc3+ 9. bxc3 Nxe4 10. Ne2 Qa5 11. Bd2 cxd4 12. cxd4 Nxd2 13. Qxd2 Qxd2+ 14.
Kxd2 h6 15. Nf4 Rg8 16. Rb1 $11 {Crosa Coll,M-Guzman Ortiz,C/WchJT U26 1997/
1-0 (49)}) (8. exd5 $6 Nxd5 9. Qd3 cxd4 10. a3 Ba5 11. b4 Nxb4 $1 12. axb4 Bxb4
13. Bd2 dxc3 $17 {Gavilan,A-Foguelman,A/ARG-ch 1951 (56)}) 8... Nc6 9. Nge2 (9.
Bb5 $5 Bd7 (9... Bxc3 $6 10. Bxc3 Nxe4 11. Nf3 cxd4 12. Qxd4 Bd7 13. Bxc6 bxc6
14. O-O $14 {Pietrusiak,B-Schinzel,W/POL-ch 1973 (31)}) 10. Bxc6 Bxc6 11. Nge2
dxe4 12. dxc5 Ng4 13. Qd4 $14 {Planinc,A-Byrne,R/Moscow 1975 (38)}) 9... Ng4 (
9... dxe4 10. Nxe4 $6 (10. dxc5 $5) 10... cxd4 11. Nxf6+ Qxf6 12. Qd3 Bxd2+ 13.
Qxd2 e5 $15 {Hoiberg,N-Sorensen,J/Aarhus op 1991/0-1 (66)}) 10. Qd3 cxd4 11.
Nxd4 Nxf2 $5 {Another promisimg continuation is} (11... Bc5 $5 12. Nxc6 $6
Bxf2+ 13. Kd1 bxc6 14. Kc1 Bb6 15. Nd1 Qf6 $36 {Yilmaz,T-Morovic Fernandez,I/
Dubai olm 1986 (22)}) 12. Kxf2 Bc5 13. Be3 Bxd4 $6 {Now almost by force arises
an endgame with slightly better chanses for white.Much more dangerous for
white was} (13... Qf6+ $1 14. Ke1 (14. Nf5 $6 exf5 $2 (14... d4 $5 15. Kg1 exf5
$1 (15... dxe3 16. Nxe3 Ne5 $2 17. Qb5+ Bd7 18. Qxc5 Nf3+ 19. Kf2 $18) 16. Na4
Bd6 17. Bf2 Ne5 $17) 15. exd5 Bxe3+ 16. Qxe3+ Ne7 17. Bb5+ $16) 14... Nxd4 15.
Kd1 $5 (15. Nb5 dxe4 16. Qxe4 Rg4 $1 17. Qxg4 Nxc2+ 18. Ke2 Nxe3 19. Qg8+ Ke7
$40) 15... Nxc2 16. Kxc2 Bxe3 17. Qxe3 d4 18. Qf3 Qxf3 19. gxf3 dxc3 20. Bb5+
$11) 14. Bxd4 dxe4 15. Nxe4 Qxd4+ (15... Nxd4 16. Rd1 e5 17. c3 Nc6 18. Qxd8+
Nxd8 19. Bb5+ Ke7 20. Rhe1 $36) 16. Qxd4 Nxd4 17. Rd1 Nc6 18. Bb5 $5 {
Intending to exchange the bishop for a black knight.} Ke7 (18... e5 19. Rhe1
Ke7 20. Nc5 $5 f6 21. Rd2 a6 22. Bxc6 bxc6 23. Re3 $14 {[%csl Ra6,Rc6][%cal
Ge3c3,Gc3a3]}) 19. Bxc6 bxc6 20. Rhe1 Rb8 $5 21. b3 e5 22. Nc5 f6 23. Re4 $5
Rg4 $6 ({Better was} 23... Rb5 $5 24. Rc4 Rg4 25. Rc3 Bf5 26. a4 Rb8 27. Rf3
Be4 {with very good chanses to hold the position.}) 24. Nd7 $1 {Little
combination transforming the game into rooks ending where white's chanses to
create something are quiet significient.} Bxd7 (24... Rxe4 25. Nxb8 c5 26. Nc6+
Ke6 27. Nxa7 Bd7 28. c3 $1 $16 {[%cal Ga2a4,Ga7b5]}) 25. Rxd7+ Kxd7 26. Rxg4 {
[%csl Ra7,Rc6,Rh7]} Ke6 27. Rg7 Rd8 $8 28. Ke3 Rd7 29. Rg8 (29. Rxd7 Kxd7 30.
g4 c5 $1 31. Ke4 Ke6 32. c3 a5 33. a3 h6 $11) 29... f5 $5 30. Re8+ Kd6 31. g3
Rf7 32. Ra8 Kc5 {The position is objectivly drawn,but black has to be cautious.
} 33. a3 Kb6 $6 34. Rb8+ $6 (34. Re8 $1 e4 35. Re5 Kc7 36. c4 Kd6 37. Kf4 $16 {
[%csl Re4][%cal Gb3b4,Gc4c5,Gh2h3,Gg3g4]}) 34... Kc5 35. Rb4 a5 $6 36. Ra4 Kb6
37. Rh4 Kc5 38. Rh6 $1 Kd5 39. Kd3 $5 Kc5 40. c4 Rd7+ 41. Kc3 $16 Kb6 (41... e4
$6 42. b4+ axb4+ 43. axb4+ Kb6 44. b5 Rc7 45. Rf6 Kb7 46. bxc6+ Rxc6 47. Rxf5
$18) 42. b4 axb4+ 43. axb4 Rf7 (43... e4 44. b5 Rc7 45. Kd4 Kb7 46. bxc6+ Rxc6
47. Rxh7+ Kb6 48. Rf7 $18) 44. b5 f4 $5 {Trying to get counterchanses,but it
seems to be just too late.} 45. Rxc6+ Kb7 46. gxf4 exf4 47. Kd2 f3 48. Ke1 f2+
49. Kf1 Rf4 50. h4 h5 51. Rc5 $1 Kb6 $6 {Now nothing can save black.} (51...
Rxh4 $142 $8 $16) 52. Rxh5 Rxc4 53. Kxf2 Ra4 54. Ke3 Rc4 55. Kf3 Ra4 56. Kg3
Ra3+ (56... Rc4 57. Re5 {[%cal Gh4h8]}) 57. Kf4 Ra4+ 58. Kg5 Kxb5 59. Rh8 Kc6
60. Rd8 $1 {The rest is easy technical job.} Ra1 61. h5 Rg1+ 62. Kf6 Rh1 63.
Kg6 Rg1+ 64. Kh7 Kc7 65. Rd2 Rg3 66. h6 Rg1 67. Kh8 Rg3 68. h7 Rg1 69. Ra2 Kd7
70. Ra8 Ke7 71. Rg8 Rf1 72. Kg7 1-0

[Event "Selfoss Milk Masters 1st"]
[Site "Selfoss"]
[Date "2002.10.15"]
[Round "8"]
[White "Oral, Tomas"]
[Black "Kristjansson, Stefan"]
[Result "1-0"]
[WhiteElo "2546"]
[BlackElo "2431"]
[Annotator "Finkel,A"]
[PlyCount "77"]
[EventDate "2002.10.08"]
[EventType "tourn"]
[EventRounds "9"]
[EventCountry "ISL"]
[EventCategory "12"]
[SourceTitle "CBM 092"]
[Source "ChessBase"]
[SourceDate "2003.02.06"]
[SourceVersion "1"]
[SourceVersionDate "2003.02.06"]
[SourceQuality "1"]

1. e4 e6 2. d4 d5 3. Nc3 Bb4 4. Bd3 c5 5. exd5 Qxd5 6. Bd2 Bxc3 7. Bxc3 cxd4 8.
Bxd4 Qxg2 (8... e5 $10) 9. Qf3 (9. Qd2 $5 Qxh1 (9... Nc6 10. O-O-O f6 11. Ne2
Qd5 12. Rhg1 Qxa2 13. Qc3 Kf7 14. Bc5 $16 {Sax-Bodo/Ungarn/1968/i6/285}) 10.
O-O-O (10. f3 Nc6 11. O-O-O $1 Nxd4 12. Bb5+ Kf8 13. Qxd4 Bd7 14. Qc5+ Ne7 15.
Rxd7 Re8 16. Rxb7 $18) 10... f6 (10... Qg2 $2 11. Bb5+ $18) 11. f3 Nc6 12. Bc5
Kf7 13. Qe2 Nge7 14. Nh3 Qxd1+ 15. Qxd1 $13 {Zaitsev,I-Gutop,Y/Moscow4 1992})
9... Qxf3 10. Nxf3 {After sacrificing a pawn white is also forced to change
queens,but strong bishops pair and serious advantage in development make
black's defensive task far from simple.} f6 11. Rg1 Kf7 12. O-O-O Nc6 (12...
Ne7 13. Bc3 (13. Nd2 Rd8 (13... Nf5 14. Bc3 {1/2-1/2 Barczay,L-Ivkov,B/
Vrnjacka Banja 1967/EXT 98 (14)}) 14. Bc5 Nf5 15. Nc4 Nc6 16. Be4 Rxd1+ 17.
Rxd1 $36 {Arnold,L-Berg,E/Budapest FS08 GM 1999}) 13... Bd7 14. Nd4 a6 15. Bc4
$1 Nbc6 $6 16. Nf5 $1 $16 {Finkel,A-Hochstrasser,M/Cannes Martinez op 1996})
13. Bc5 (13. Bc3 $6 Nge7 14. Bc4 Rd8 $5 15. Rxd8 Nxd8 16. Rd1 Ndc6 17. b4 Nd5
$1 $15 {Khamatgaleev,A-Rogovskoy,A/RUS-chT 1995}) 13... Nge7 14. Nd2 Nf5 (14...
g6 15. Nc4 Rd8 16. Be4 (16. h4 Rd5 $6 17. Nd6+ $5 Kg7 18. Ne8+ Kf7 19. Bxe7
Kxe8 20. Bxf6 $16 {Grottke,H-Schulz,K/DDR-ch 1989}) 16... Nd5 17. Nd6+ Kg7 18.
c4 Nf4 19. Rd2 $14 {Vaisser,A-Bauer,C/Vichy 2000}) 15. Nc4 g5 16. f4 (16. Be4
Rb8 17. Nd6+ Nxd6 18. Rxd6 Ne5 19. Rdd1 $44 {[%cal Gg1g3,Gg3a3] Sterner,
O-Uhlmann,W/Dresden 1956}) 16... h6 17. Be4 $1 $36 {Very strong move keeping
black under pressure.} (17. Nd6+ Nxd6 18. Bxd6 Nd4 19. Bc5 Nf5 20. Be4 Rb8 21.
Bf2 b6 22. h4 $13 {1/2-1/2 Radovici,C-Radulescu,M/Romania 1961/EXT 2001 (22)})
17... Rd8 18. Rxd8 Nxd8 19. Rd1 (19. fxg5 hxg5 20. Rd1 Nc6 21. b4 e5 22. b5
Ncd4 23. c3 Nxb5 24. Rd8 $16 {Tal,M-Gipslis,A/Riga 1955}) 19... Nc6 20. b4 gxf4
(20... Nce7) (20... a6 $2 21. Bxf5 exf5 22. Nb6 Rb8 23. Bd6 $18) 21. b5 Ne5 (
21... Nce7 22. Rd8 {[%cal Gd8a8]} e5 23. a4 Ke6 24. a5 $18 {[%cal Ga5a6]}) 22.
Nxe5+ fxe5 23. Rd8 $16 {Black is fully tied up and simply can't move without
material losses!} Nd4 (23... Rb8 24. Bxa7 Ra8 25. Bc5 Nd4 26. a4 Rxa4 27. Rxc8
Ne2+ 28. Kd2 Rxe4 29. Kd3 $18) 24. a4 f3 25. Kb2 $1 f2 $6 (25... Kg7 26. c3 f2
27. Bg2 Nf3 28. Bxf2 e4 29. a5 $16) 26. Rf8+ Kg7 27. Rxf2 Bd7 (27... Nf5 28. a5
a6 29. b6 $18) 28. Bd6 $1 $18 {[%csl Re5]} Nf5 29. Bxb7 Rg8 30. Rg2+ Kf7 31.
Rxg8 Nxd6 (31... Kxg8 32. Bxe5 Kf7 33. Bb8 $18) 32. Rb8 e4 33. Kc3 e3 34. Kd3
Nc4 35. Bc6 Ne5+ 36. Kxe3 Nxc6 37. bxc6 Bxc6 38. a5 Ke7 39. Rh8 1-0

[Event "EU-Cup 18th"]
[Site "Kallithea"]
[Date "2002.09.23"]
[Round "2.3"]
[White "Degraeve, Jean Marc"]
[Black "Lputian, Smbat G"]
[Result "1/2-1/2"]
[WhiteElo "2586"]
[BlackElo "2634"]
[Annotator "Finkel,A"]
[PlyCount "83"]
[EventDate "2002.09.22"]
[EventType "team-swiss"]
[EventRounds "7"]
[EventCountry "GRE"]
[SourceTitle "CBM 092"]
[Source "ChessBase"]
[SourceDate "2003.02.06"]
[SourceVersion "1"]
[SourceVersionDate "2003.02.06"]
[SourceQuality "1"]
[WhiteTeam "Clichy Echecs 92"]
[BlackTeam "Kiseljak"]
[WhiteTeamCountry "FRA"]
[BlackTeamCountry "BIH"]

1. e4 e6 2. d4 d5 3. Nc3 Bb4 4. Nge2 dxe4 5. a3 Be7 $5 6. Nxe4 Nf6 7. N2g3 Nc6
8. c3 Nxe4 {Lputian doesn't want to follow Uhlmann's foot steps even though it
seems that black is doing great after 8...e5!} (8... e5 $1 9. Nxf6+ Bxf6 10. d5
Ne7 11. Bc4 O-O $5 12. O-O (12. Qf3 $6) (12. Ne4 Nf5 13. O-O Nd6 14. Nxd6 Qxd6
15. Be3 b6 $11 {Gheorghiu,F-Uhlmann,W/Moscow 1971}) 12... Ng6 $5 (12... Nf5 $11
) (12... Nf5 13. Nxf5 Bxf5 14. Be3 Bg5 $5 15. Qh5 Bxe3 16. Qxf5 {1/2-1/2 Hort,
V-Uhlmann,W/Skopje 1972/EXT 2000 (16)}) 13. Ne4 $6 Be7 14. Qh5 Kh8 $1 15. Ng5
Bxg5 16. Bxg5 Qd6 $1 $15 {1/2-1/2 Gheorghiu,F-Uhlmann,W/Skopje 1972/EXT 2000 
(16)}) 9. Nxe4 Qd5 10. Qf3 O-O (10... Bd7 11. Bd3 O-O-O 12. Ng5 Qxf3 13. Nxf3
f6 14. Be3 g5 15. O-O-O Bd6 $11 {Berg,E-Wegener,D/Germany 1999}) (10... e5 $4
11. Nf6+ {1-0 Sluka,R-Taus,M/Prerov 1995/EXT 97 (11)}) 11. Bf4 (11. Be2 b6 12.
O-O Bb7 13. Ng5 Na5 14. Qxd5 Bxd5 15. Bf4 Nc4 16. Bxc4 Bxc4 17. Rfe1 {1/2-1/2
Teschner,R-Jahr,U/Bad Mondorf 1973/EXT 2001 (17)}) 11... Qb3 $5 {Keeping in
mind temporary sacrifice on e5.} 12. Rb1 e5 $1 (12... Bxa3 $2 13. Nd2 $18) 13.
dxe5 Qe6 14. Qg3 Bd6 $5 15. Be2 ({White wouldn't get an opening advantage also
after} 15. Ng5 Qg6 $1 (15... Qe7 $6 16. Bd3 h6 (16... Bxe5 $2 17. Bxh7+ Kh8 18.
Qh4 $18 {[%cal Gh7e4]}) 17. Nf3 Nxe5 18. Bxe5 Bxe5 19. Qxe5 Qxe5+ 20. Nxe5 Re8
21. f4 f6 22. Bg6 Re7 23. Rd1 Bg4 24. Rd5 $16) 16. Rc1 (16. Rd1 Bxe5 17. Bxe5
Nxe5 18. Qxe5 Bg4 $36 {[%cal Ga8e8]}) (16. Bd3 Bf5 17. Bxf5 Qxf5 18. O-O Bxe5
$11) 16... Bxe5 17. Bxe5 Nxe5 18. Qxe5 Bf5 $13 {[%cal Ga8e8]}) 15... Bxe5 16.
O-O Re8 17. Bxe5 Qxe5 18. Qxe5 Nxe5 19. Rbd1 $6 {It seems that the game is
drawn, but black keeps some initiative and white has to be carefull to keep
the balance.} (19. Rbe1 $5 Bf5 20. Ng3 Bc2 21. f4 Nd3 22. Bxd3 Bxd3 23. Rxe8+
Rxe8 24. Rd1 Bb5 25. Kf2 $11) 19... Bf5 20. Ng3 Bc2 21. Rd4 $6 (21. Rc1 Bb3 22.
f4 Nc4 23. Bxc4 Bxc4 24. Rfe1 Bb3 25. Kf2 $11) 21... Rad8 22. Rc1 Bb3 23. Kf1
c5 (23... Rxd4 24. cxd4 Nc6 25. Bf3 (25. Bb5 $6 Bd5 26. Rc5 Rd8 27. Nf5 Kf8 28.
Ne3 Nxd4 $1 29. Nxd5 b6 $1 $17) 25... Nxd4 26. Bxb7 $13) 24. Re4 Kf8 25. Re1
Bc2 $5 26. Re3 Nd3 27. Bxd3 Bxd3+ 28. Kg1 Rxe3 29. fxe3 (29. Rxe3 $6 Bc4 {
[%csl Ge2]} 30. Re1 Rd2 31. b4 cxb4 32. axb4 b6 $17 {[%cal Ga7a2]}) 29... Bc4
$15 30. Nf1 Ke7 31. e4 Ke6 32. Ne3 Bb3 33. Kf2 Ke5 34. Kf3 Rd2 (34... h5 $5)
35. Re2 Rxe2 36. Ng4+ Ke6 37. Kxe2 Bc2 38. Kf3 {[%cal Gg4e3]} Bxe4+ (38... Bd1+
39. Kf4 Bxg4 40. Kxg4 Ke5 41. Kf3 c4 42. Ke3 h5 43. h3 f5 44. exf5 Kxf5 45. Kf3
$11) 39. Kxe4 f5+ 40. Kf4 fxg4 41. c4 $1 Kf6 42. g3 (42. g3 h5 43. Ke4 Ke6 44.
Kf4 a5 45. a4 b6 46. b3 g6 47. Ke4 g5 48. Kd3 Ke5 49. Ke3 $11) 1/2-1/2

[Event "FRA-ch Pool B"]
[Site "Vichy"]
[Date "2000.08.23"]
[Round "6"]
[White "Vaisser, Anatoli"]
[Black "Bauer, Christian"]
[Result "1/2-1/2"]
[WhiteElo "2537"]
[BlackElo "2562"]
[Annotator "Finkel,A"]
[PlyCount "104"]
[EventDate "2000.08.15"]
[EventType "tourn"]
[EventRounds "7"]
[EventCountry "FRA"]
[EventCategory "11"]
[SourceTitle "CBM 079"]
[Source "ChessBase"]
[SourceDate "2000.11.21"]
[SourceVersion "1"]
[SourceVersionDate "2000.11.21"]
[SourceQuality "1"]

1. d4 e6 2. e4 d5 3. Nc3 Bb4 4. Bd3 $5 {Quiet rare variation demanding from
black an accurate play to equalize.} c5 5. exd5 Qxd5 6. Bd2 Bxc3 7. Bxc3 cxd4
8. Bxd4 Qxg2 (8... e5 $10) 9. Qf3 (9. Qd2 $5 Qxh1 (9... Nc6 10. O-O-O f6 11.
Ne2 Qd5 12. Rhg1 Qxa2 13. Qc3 Kf7 14. Bc5 $16 {Sax-Bodo/Ungarn/1968/i6/285})
10. O-O-O (10. f3 Nc6 11. O-O-O $1 Nxd4 12. Bb5+ Kf8 13. Qxd4 Bd7 14. Qc5+ {
ECO: +/-} Ne7 15. Rxd7 Re8 16. Rxb7 $18) 10... f6 (10... Qg2 $2 11. Bb5+ $18)
11. f3 Nc6 12. Bc5 Kf7 13. Qe2 Nge7 14. Nh3 Qxd1+ 15. Qxd1 $13 {Zaitsev,
I-Gutop,Y/Moscow4 1992}) 9... Qxf3 10. Nxf3 {After sacrificing a pawn white is
also forced to change queens,but strong bishops pair and serious advantage in
development make black's defensive task far from simple.} f6 11. Rg1 Kf7 12.
O-O-O Nc6 (12... Ne7 13. Bc3 (13. Nd2 Rd8 14. Bc5 Nf5 15. Nc4 Nc6 16. Be4 Rxd1+
17. Rxd1 $36 {Arnold,L-Berg,E/Budapest FS08 GM 1999}) 13... Bd7 14. Nd4 a6 15.
Bc4 $1 Nbc6 $6 {[#]} 16. Nf5 $1 $16 {Finkel,A-Hochstrasser,M/Cannes Martinez
op 1996}) 13. Bc5 (13. Bc3 Nge7 14. Bc4 Rd8 $5 15. Rxd8 Nxd8 16. Rd1 Ndc6 17.
b4 Nd5 $1 $15 {Khamatgaleev,A-Rogovskoy,A/RUS-chT 1995}) 13... Nge7 14. Nd2 g6
15. Nc4 Rd8 16. Be4 (16. h4 Rd5 $6 17. Nd6+ $5 Kg7 18. Ne8+ Kf7 19. Bxe7 Kxe8
20. Bxf6 $16 {Grottke,H-Schulz,K/DDR-ch 1989}) 16... Nd5 ({Black doesn't
manage fully equalize also after} 16... Rxd1+ $5 17. Rxd1 e5 18. b4 $1 (18.
Nd6+ Ke6 19. Ne8 Kf7 20. Nd6+ Ke6 $11) 18... Nf5 19. c3 Be6 20. Bxf5 Bxc4 21.
Rd7+ Kg8 22. Be4 $14 {and white has better prospects.}) 17. Nd6+ Kg7 18. c4 (
18. Bxd5 exd5 19. Rxd5 b6 20. Be3 Be6 $11) 18... Nf4 19. Rd2 e5 20. Rgd1 Ne6 (
20... Rb8 $6 21. Bxc6 $1 bxc6 22. Nxc8 Rxd2 23. Rxd2 Rxc8 24. Rd7+ Kh6 25. Bxa7
$16) 21. Bxc6 $5 {Deciding to enter the endgame with opposite color bishops
and the rooks.} bxc6 (21... Nxc5 $2 22. Ne8+ Rxe8 23. Bxe8 Bg4 24. Rd8 $1 $14)
22. Nf5+ gxf5 23. Rxd8 Nxd8 24. Rxd8 $14 {[%csl Ra8,Rc8][%cal Gd8a8]} a5 (24...
Kg6 25. a4 Bb7 $2 26. Rxa8 Bxa8 27. Bxa7 $16 {[%cal Gb2b5,Ga4a5]}) 25. a4 f4
26. Kd2 Kf7 27. Kc3 Ke6 28. Rh8 $5 {Regaining the material balance.} (28. Bb6
$5 Kf5 (28... Ra6 29. c5 Bd7 30. Rh8 $14 {[%csl Ra6]}) 29. b3 Ke4 $132) 28...
Kf5 29. Rxh7 Be6 30. Bb6 e4 (30... Kg4 31. Rc7 $1 Kf3 32. Rxc6 Re8 33. Rd6 e4
34. b3 $16) 31. h3 $5 {Not permitting black king to penitrate.} (31. b3 $5 Kg4
32. h4 $1 Kf3 33. h5 Bg4 34. h6 e3 35. fxe3 fxe3 36. Re7 e2 37. Kd2 $16) 31...
Rb8 {[%csl Gg4]} 32. Bd4 (32. Bxa5 $6 e3 33. fxe3 fxe3 34. b3 e2 $11) 32... Rd8
$1 {The only way to create counterplay.} 33. Rh6 c5 34. Rh5+ $1 (34. Rxf6+ $2
Kg5 35. h4+ Kg4 36. Be5 Rd3+ 37. Kc2 Bf5 $1 $132) 34... Kg6 35. Rxc5 e3 36.
fxe3 f3 $1 37. Kd2 (37. e4 $4 Rxd4 $1 38. Kxd4 f2 $19) 37... Bxh3 38. Ke1 Rc8
$8 39. Rxa5 (39. Rxc8 Bxc8 40. Bb6 Bd7 41. b3 Bf5 42. c5 Be6 43. c6 Bxb3 44. c7
Be6 45. Bxa5 Kf7 46. Kf2 Ke7 47. Kxf3 Kd7 $11) 39... Rxc4 40. Kf2 Bg4 41. Kg3
$5 (41. Ra6 $2 Rc2+ $1 (41... Kh5 $2 42. Bc3 $1 $18) 42. Kg3 Kh5 $1 (42... Rg2+
$2 43. Kh4 Kf5 44. Rxf6+ Ke4 45. Rf4+ Kd3 46. a5 Ke2 47. a6 Bc8 48. a7 Bb7 49.
e4 $18) 43. Rxf6 Rg2+ 44. Kf4 f2 45. Ke4 Be2 $19) 41... Bd7 $1 42. b3 $6 {
After this inaccuracy black easily holds the position.} (42. Ra6 $5 Bc6 (42...
Bxa4 43. Rxf6+ Kg5 44. Rxf3 $16) 43. Bc3 Kf5 44. Kf2 Ke4 45. a5 $16) 42... Rb4
43. Ra6 Rxb3 44. Kxf3 (44. Rxf6+ Kg5 45. a5 Ra3 $1 (45... Rxe3 $2 46. Rd6 Ra3
47. Rxd7 Rxa5 48. Kxf3 $16) 46. a6 f2 47. Kxf2 Bb5 48. a7 Rxa7 $11) 44... Ra3
45. a5 Bc8 46. Ra7 (46. Rxf6+ Kg5 47. Rf8 Bb7+ $11) 46... Bf5 47. Bb6 Ra4 48.
Rc7 Be4+ 49. Kg3 Kf5 50. Rc5+ Ke6 51. Rb5 Bc6 52. Rc5 Bd5 1/2-1/2